Score 0/16 Timer 03:00
1 Play Today
% Correct
Baseball
89.2%
Alphabet
84.8%
Animal
83.6%
Actor
83.3%
North America
82.4%
Comic Book
81.6%
Book
81.1%
WWE
80.6%
% Correct
Carol
80.3%
Verse
79.9%
University
79.2%
Legend of Zelda
78.5%
Horror Movies
77.6%
Discovery
72.7%
Lyrics
66.8%
Church
61.5%
Remove Ads.
Support Sporcle.
Get the best of Sporcle when you Go Orange. This ad-free experience offers more features, more stats, and more fun while also helping to support Sporcle. Thank you for becoming a member.

You're not logged in!

Compare scores with friends on all Sporcle quizzes.
OR
Log In

Sporcle TV

Today on Sporcle TV


Watch our educational content, quiz creation guides, and fun videos on Sporcle TV.

Show Comments

Extras

Top Quizzes Today


Score Distribution

Paid Content

Your Account Isn't Verified!

In order to create a playlist on Sporcle, you need to verify the email address you used during registration. Go to your Sporcle Settings to finish the process.

Report this User

Report this user for behavior that violates our Community Guidelines.

Details: